000 01371cam a22003617a 4500
003 CHAP
005 20220329141831.0
008 971127d1997 mx b r 00110 spa d
010 _a74547
011 _a75519
035 _a85083
040 _cCHAP
090 _aTesis
100 0 0 _aRoldán Meneses, Carlos Fernando.
_999426
245 1 0 _aPerspectivas del aguacate Hass (Persea americana Mill.) michoacano en el mercado noreste de E.U.A.
_c/por Carlos Fernando Roldán Meneses y Luis Ambrosio Velasco Pradal
260 _aChapingo, Méx. :
_bEl autor,
_c1997.
300 _a154 h. :
_bmapa ; gráfs.
502 _aTesis (Lic. en Comercio Internacional de Productos Agropecuarios) -- UACH. Departamento de Economía Agrícola
590 _aALEPH
_b10
_c20130110
_lUCH01
_h1420
590 _aBATCH-UPD
_b10
_c20130110
_lUCH01
_h0419
590 _aBATCH-UPD
_b10
_c20130410
_lUCH01
_h0054
590 _aBATCH-UPD
_b10
_c20130913
_lUCH01
_h2304
590 _aCONVERSION
_b10
_c20130109
_lUCH01
_h1341
650 1 4 _aAguacate
_xExportacion.
_92515
650 1 4 _aAguacate
_xMercadeo.
_92534
650 1 4 _aAguacate
_xMichoacán.
_92535
700 0 _aVelasco Pradal, Luis Ambrosio.
_9118430
901 _aBK
905 _aAlejandra Carrasco M.
942 _cFOLL
949 _bBC
_cTES
_d33724000637971
_eTS2
_fc.2
_h31538
_i85083
_si
949 _bBC
_cTES
_d850831
_eTS1
_h31537
_i85083
_sb
999 _c74547
_d74547